Materials handling handbook (Record no. 6096)

MARC details
000 -LEADER
fixed length control field 00481nam a2200157Ia 4500
003 - CONTROL NUMBER IDENTIFIER
control field IN-BaIIA
008 - FIXED-LENGTH DATA ELEMENTS--GENERAL INFORMATION
fixed length control field 211028s9999 xx 000 0 eng d
040 ## - CATALOGING SOURCE
Transcribing agency IIA Library
100 ## - MAIN ENTRY--PERSONAL NAME
Personal name Bolz, Harold, A.
9 (RLIN) 10557
245 #0 - TITLE STATEMENT
Title Materials handling handbook
Statement of responsibility, etc. Bolz, Harold, A., and Hagemann, George E.
260 ## - PUBLICATION, DISTRIBUTION, ETC.
Place of publication, distribution, etc. New York
Name of publisher, distributor, etc. Ronald Press
Date of publication, distribution, etc. 1958
650 ## - SUBJECT ADDED ENTRY--TOPICAL TERM
Topical term or geographic name entry element Handbook
9 (RLIN) 1241
650 ## - SUBJECT ADDED ENTRY--TOPICAL TERM
Topical term or geographic name entry element Materials handling
9 (RLIN) 10558
700 ## - ADDED ENTRY--PERSONAL NAME
Personal name Hagemann, George E.
9 (RLIN) 10559
942 ## - ADDED ENTRY ELEMENTS (KOHA)
Koha item type Books
Holdings
Withdrawn status Lost status Damaged status Not for loan Home library Current library Shelving location Date acquired Total Checkouts Barcode Date last seen Price effective from Koha item type
        IIA Library-Bangalore IIA Library-Kavalur General Stacks 05/01/1979   6806 05/11/2021 05/01/1979 Books

Powered by Koha